| 000 | 00787nam a22002412 4500 | ||
|---|---|---|---|
| 001 | 0000023352 | ||
| 005 | 20151217155911.0 | ||
| 008 | 121113s xx 000 0 eng d | ||
| 040 |
_aKABU _cKABU |
||
| 100 | 1 |
_aSouthwood, Russell. _@0000182748 |
|
| 245 | 1 | 0 |
_aAssessing consumer activity in the telecoms and internet sectors in Africa / _cRussell Southwood. |
| 250 | _a1st ed. | ||
| 260 |
_aOttawa : _bCRDI, _c[2012] |
||
| 300 | _a84 p. | ||
| 650 | 0 |
_aTelecommunication _xManagement. _@0000182749 |
|
| 650 | 0 |
_aTelecommunication policy. _@0000165457 |
|
| 700 | 1 |
_aNguo, James. _@0000182750 |
|
| 700 | 1 |
_aSagna, Olivier. _@0000182751 |
|
| 700 | 1 |
_aLewis, Charles. _@0000182752 |
|
| 908 | _a121113 | ||
| 950 | _@1 | ||
| 999 |
_c13858 _d13858 |
||